| 000 | 00366 a2200145 4500 | ||
|---|---|---|---|
| 005 | 20250627145431.0 | ||
| 020 | _a0-256-26331-0 | ||
| 082 | _a330.9173'2(dc21) O'SU | ||
| 100 | _aO'SULLIVAN, A. | ||
| 245 | _aUrban Economics, | ||
| 250 | _a4th Ed. | ||
| 260 |
_aNew York, _bMcGraw- Hill, _c2000. |
||
| 300 |
_axxvii, 740,: ill.; figure _bIndex _c24cm |
||
| 942 |
_2ddc _cBKS |
||
| 999 |
_c5703 _d5703 |
||